| 000 | 00694nam a2200193Ia 4500 | ||
|---|---|---|---|
| 003 | GCL | ||
| 008 | 140319s9999 xx 000 0 ara d | ||
| 040 |
_aGCL / _cGCL |
||
| 082 | 0 | 4 |
_a248.3 _bم ف |
| 100 | 1 | _aمحمد رضا حسن الدجيلى | |
| 245 | 1 | 0 |
_aفرقة الازارقة : _bدراسة تحليلية تاريخية تبحث فى اصول هذه الفرقة وتطورها / _cمحمد رضا حسن الدجيلى |
| 260 |
_aالعراق : _bمطبعة النعمان |
||
| 300 | _a224 ص | ||
| 490 | _a | ||
| 650 | 0 | 4 | _aالحركات الفكرية عند المسلمين |
| 650 | 0 | 4 | _aالفرق الاسلامية |
| 650 | 0 | 4 | _aالازارقة |
| 942 |
_2ddc _cBK |
||
| 999 |
_c48182 _d48182 |
||